British Comedians: Picture Quiz no.11 - Statistics

General Stats
  • This quiz has been taken 107 times
  • The average score is 7 of 20
Answer Stats
Picture Hint Answer % Correct
Greg Davies
76%
Paul Whitehouse
72%
Gareth Hale
51%
Leslie Crowther
50%
Mike Reid
50%
Bobby Davro
49%
Syd Little
47%
Tommy Cannon
38%
Zoe Lyons
37%
Steve Punt
28%
Arthur English
27%
Stan Boardman
27%
Dustin Gee
26%
Stu Francis
26%
Lennie Bennett
24%
Tony Hawks
23%
Simon Day
21%
Scottish comedian Chic Murray
19%
Stanley Unwin
13%
Fiona Allen
10%
No matching quizzes found
Score Distribution
Percent of People with Each Score
Percentile by Number Answered
Your Score History
You have not taken this quiz